[Event "36. Schacholympiade 2004"]
[Site "Calvia, Mallorca (Spanien)"]
[Date "2004.10.23"]
[Round "8"]
[White "Ricardi, Pablo"]
[Black "Lutz, Christopher"]
[Result "0-1"]
[WhiteElo "2548"]
[BlackElo "2596"]
[PlyCount "110"]
[EventDate "2004.10.15"]

1. e4 c5 2. Nf3 e6 3. b3 a6 4. Bb2 d6 5. d4 cxd4 6. Nxd4 Nf6 7. Bd3 Be7 8. O-O
O-O 9. Nd2 e5 10. Nf5 Bxf5 11. exf5 Nc6 12. c4 d5 13. Bc2 dxc4 14. Nxc4 Qc7 15.
Rc1 Bc5 16. Kh1 Rad8 17. Qe1 Rfe8 18. Be4 Nxe4 19. Qxe4 Qe7 20. f4 exf4 21.
Qxf4 f6 22. Qg3 Nd4 23. Qg4 Qe2 24. Qxe2 Nxe2 25. Rcd1 b5 26. Na5 Rxd1 27. Rxd1
Nf4 28. g3 Re2 29. gxf4 Rxb2 30. Rd8+ Kf7 31. Rc8 Be3 32. Rc7+ Kf8 33. Rb7 Bxf4
34. Nc6 Rxh2+ 35. Kg1 Rd2 36. Nb4 h5 37. Nxa6 Rxa2 38. Nb4 Rd2 39. Rxb5 Bd6 40.
Nd5 h4 41. Nc3 h3 42. Rd5 Rg2+ 43. Kh1 Be5 44. Rd3 Rh2+ 45. Kg1 Rg2+ 46. Kh1
Rc2 47. Nd1 Re2 48. Re3 Rh2+ 49. Kg1 Rd2 50. Re1 Bd4+ 51. Kh1 Rd3 52. b4 Rf3
53. b5 Rxf5 54. b6 Bxb6 55. Nc3 Ba5 0-1

[Event "36. Schacholympiade 2004"]
[Site "Calvia, Mallorca (Spanien)"]
[Date "2004.10.23"]
[Round "8"]
[White "Kritz, Leonid"]
[Black "Sorin, Ariel"]
[Result "1-0"]
[WhiteElo "2543"]
[BlackElo "2509"]
[PlyCount "107"]
[EventDate "2004.10.15"]

1. e4 e5 2. Nf3 Nc6 3. Bb5 a6 4. Ba4 Nf6 5. O-O Be7 6. Re1 b5 7. Bb3 d6 8. c3
O-O 9. h3 Na5 10. Bc2 c5 11. d4 Qc7 12. Nbd2 cxd4 13. cxd4 Nc6 14. Nb3 a5 15.
Be3 a4 16. Nbd2 a3 17. bxa3 Rxa3 18. Qc1 Ra5 19. Bb3 Qb7 20. Qb2 exd4 21. Nxd4
Nxd4 22. Bxd4 Be6 23. Bxe6 fxe6 24. e5 Nd5 25. exd6 Bxd6 26. Rxe6 Nf4 27. Re4
b4 28. Be3 Ne2+ 29. Kh1 Rh5 30. Qb3+ Rd5 31. Nc4 Bc7 32. Re7 Kh8 33. Re1 Rh5 {#
} 34. Bb6 Rg5 35. f3 Ng3+ 36. Kh2 Nf1+ 37. Kg1 Bxb6+ 38. Kxf1 Qb8 39. Ne5 Rxe5
40. R1xe5 Bd4 41. Rd5 Bf6 42. Re4 Qh2 43. Qe3 h6 44. Qg1 Qb8 45. Qc5 Rc8 46.
Qxb4 Rc1+ 47. Ke2 Rc2+ 48. Rd2 Rxd2+ 49. Kxd2 Qa8 50. Qa4 Qd5+ 51. Ke2 Kh7 52.
Re8 Bd4 53. Qc2+ g6 54. Qb3 1-0

[Event "36. Schacholympiade 2004"]
[Site "Calvia, Mallorca (Spanien)"]
[Date "2004.10.23"]
[Round "8"]
[White "Soppe, Guillermo"]
[Black "Bischoff, Klaus"]
[Result "1/2-1/2"]
[WhiteElo "2433"]
[BlackElo "2559"]
[PlyCount "47"]
[EventDate "2004.10.15"]

1. Nf3 e6 2. d4 b6 3. e4 Bb7 4. Bd3 d6 5. c4 Nd7 6. Nc3 h6 7. Be3 a6 8. d5 e5
9. b4 Ngf6 10. Nd2 Be7 11. O-O Nh7 12. Nb3 Bg5 13. Qe2 Bxe3 14. Qxe3 O-O 15. c5
Bc8 16. Rac1 Ndf6 17. Be2 Rb8 18. Nd2 Ne8 19. Nc4 g5 20. cxb6 cxb6 21. b5 axb5
22. Nxb5 f5 23. Qa3 Rf6 24. Qa7 1/2-1/2

[Event "36. Schacholympiade 2004"]
[Site "Calvia, Mallorca (Spanien)"]
[Date "2004.10.23"]
[Round "8"]
[White "Pelletier, Yannick"]
[Black "Sebbar, Ali"]
[Result "1-0"]
[WhiteElo "2589"]
[BlackElo "2116"]
[PlyCount "81"]
[EventDate "2004.10.15"]

1. c4 Nf6 2. Nc3 g6 3. g3 Bg7 4. Bg2 O-O 5. e4 d6 6. Nge2 e5 7. O-O Nh5 8. d4
c6 9. b3 f5 10. dxe5 dxe5 11. Ba3 Qxd1 12. Rfxd1 Re8 13. Rac1 Be6 14. Bh3 Na6
15. Bd6 Bf8 16. exf5 Bxf5 17. g4 Bc8 18. Ne4 Bg7 19. Ba3 Nf4 20. Nxf4 exf4 21.
Nd6 Rd8 22. Nxc8 Raxc8 23. g5 Rxd1+ 24. Rxd1 Re8 25. Rd7 f3 26. Be7 b5 27. Rxa7
bxc4 28. Be6+ Kh8 29. Rxa6 h6 30. Bxc4 Rxe7 31. Ra8+ Kh7 32. Bg8+ Kh8 33. Bd5+
Kh7 34. Bxf3 c5 35. gxh6 Kxh6 36. Kf1 Kg5 37. Rd8 Kf4 38. Be2 Rb7 39. Bc4 Rb6
40. Rd3 g5 41. a4 1-0

[Event "36. Schacholympiade 2004"]
[Site "Calvia, Mallorca (Spanien)"]
[Date "2004.10.23"]
[Round "8"]
[White "Naciri, Zouhir"]
[Black "Jenni, Florian"]
[Result "0-1"]
[WhiteElo "2170"]
[BlackElo "2503"]
[PlyCount "54"]
[EventDate "2004.10.15"]

1. d4 Nf6 2. c4 e6 3. Nc3 Bb4 4. Qc2 O-O 5. a3 Bxc3+ 6. Qxc3 b6 7. Bg5 Ba6 8.
e3 d6 9. b4 Nbd7 10. b5 Bb7 11. Ne2 h6 12. Bh4 Re8 13. Qc2 e5 14. d5 a6 15. e4
g5 16. Bg3 Nh5 17. Nc3 Nf4 18. f3 Kg7 19. Nd1 Nc5 20. Ne3 Bc8 21. Bf2 axb5 22.
cxb5 f5 23. g3 fxe4 24. fxe4 Qf6 25. h4 g4 26. h5 Nh3 27. Bg2 Qxf2+ 0-1

[Event "36. Schacholympiade 2004"]
[Site "Calvia, Mallorca (Spanien)"]
[Date "2004.10.23"]
[Round "8"]
[White "Forster, Richard"]
[Black "Karim, Ismael"]
[Result "1-0"]
[WhiteElo "2467"]
[BlackElo "2228"]
[PlyCount "73"]
[EventDate "2004.10.15"]

1. e4 c5 2. Nf3 e6 3. d4 cxd4 4. Nxd4 a6 5. Nc3 Qc7 6. f4 Nc6 7. Nxc6 bxc6 8.
Bd3 d5 9. O-O Nf6 10. Qf3 Bb7 11. Bd2 Be7 12. Rae1 g6 13. f5 gxf5 14. exf5 e5
15. Qg3 Nd7 16. f6 Bc5+ 17. Kh1 O-O-O 18. Bf5 Bd6 19. Na4 Kb8 20. c4 e4 21. Qb3
Nc5 22. Nxc5 Bxc5 23. cxd5 cxd5 24. Bf4 Bd6 25. Be3 Qc6 26. a4 d4 27. Rc1 Qd5
28. Qxd5 Bxd5 29. Bxd4 Bb7 30. Bb6 Rde8 31. Rcd1 Be5 32. Rd7 Bxb2 33. Rb1 Bc8
34. Rxb2 Bxd7 35. Bxd7 Reg8 36. Ba5+ Ka7 37. Bd2 1-0

[Event "36. Schacholympiade 2004"]
[Site "Calvia, Mallorca (Spanien)"]
[Date "2004.10.23"]
[Round "8"]
[White "Lematschko, Tatjana"]
[Black "Sanchez Castillo, Sarai"]
[Result "1-0"]
[WhiteElo "2267"]
[BlackElo "2141"]
[PlyCount "128"]
[EventDate "2004.10.15"]

1. d4 d5 2. c4 c6 3. Nc3 Nf6 4. e3 e6 5. Nf3 Nbd7 6. Qc2 Bd6 7. cxd5 exd5 8.
Bd3 O-O 9. O-O h6 10. a3 Re8 11. b4 Nb6 12. Nd2 Ng4 13. h3 Nf6 14. Nb3 Bb8 15.
f4 Nc4 16. Bxc4 dxc4 17. Na5 Nd5 18. Nxc4 Nxf4 19. exf4 Qxd4+ 20. Ne3 Bxf4 21.
Rxf4 Qxf4 22. Ncd1 a5 23. bxa5 Rxa5 24. Qc3 Rae5 25. Nf1 Qe4 26. Bb2 Rg5 27.
Ng3 Qg6 28. Kh2 h5 29. Bc1 Rd5 30. Nf2 h4 31. Nf1 Re2 32. Be3 Bf5 33. g4 hxg3+
34. Nxg3 Rc2 35. Qb4 Qh7 36. h4 Qg6 37. Rg1 Qg4 38. Qxg4 Bxg4 39. Nge4 f5 40.
Kg3 Ra5 41. Nxg4 fxg4 42. Kf4 Rc4 43. Rxg4 Rxa3 44. Kf3 Raa4 45. h5 Kh8 46. Rf4
Ra8 47. Rf7 Kg8 48. Rxb7 Re8 49. Nd6 Rf8+ 50. Ke2 Rh4 51. Rd7 Rh2+ 52. Kd3 Rxh5
53. Bd4 Rg5 54. Ne4 Rg4 55. Nc5 Rf7 56. Rd8+ Kh7 57. Nd7 Rf1 58. Nf8+ Kh6 59.
Ne6 Rxd4+ 60. Nxd4 c5 61. Ke2 Rf6 62. Nf3 Kg6 63. Rc8 Re6+ 64. Kf2 Rf6 1-0

[Event "36. Schacholympiade 2004"]
[Site "Calvia, Mallorca (Spanien)"]
[Date "2004.10.23"]
[Round "8"]
[White "Hernandez, Zaida"]
[Black "Hund, Barbara"]
[Result "0-1"]
[WhiteElo "2100"]
[BlackElo "2240"]
[PlyCount "50"]
[EventDate "2004.10.15"]

1. e4 e5 2. Nf3 Nc6 3. d4 exd4 4. Nxd4 Nf6 5. Nxc6 bxc6 6. e5 Qe7 7. Qe2 Nd5 8.
c4 Ba6 9. b3 O-O-O 10. Bb2 Nf4 11. Qe3 Ng6 12. g3 Qb4+ 13. Bc3 Qb6 14. c5 Qb7
15. Nd2 Re8 16. Bh3 Nxe5 17. Bxe5 f6 18. O-O-O Rxe5 19. Bxd7+ Kb8 20. Ne4 Qb4
21. Bxc6 Bxc5 22. Qd2 f5 23. Ng5 Qa3+ 24. Kb1 Re2 25. Qc3 Qxa2+ 0-1

[Event "36. Schacholympiade 2004"]
[Site "Calvia, Mallorca (Spanien)"]
[Date "2004.10.23"]
[Round "8"]
[White "Heinatz, Gundula"]
[Black "Sanchez, Aliris"]
[Result "1-0"]
[WhiteElo "2244"]
[BlackElo "2095"]
[PlyCount "65"]
[EventDate "2004.10.15"]

1. d4 d5 2. c4 e6 3. Nf3 f5 4. Nc3 Nf6 5. Bf4 c6 6. e3 Be7 7. Bd3 O-O 8. O-O
Ne4 9. Bxe4 dxe4 10. Ne5 Nd7 11. Qb3 Qb6 12. Qxb6 Nxb6 13. h3 Bd6 14. b3 Bb4
15. Ne2 Nd7 16. Rfd1 Nf6 17. a3 Be7 18. Nc3 Rd8 19. b4 Bd7 20. Rdb1 Be8 21. a4
Rac8 22. a5 a6 23. Na4 Bd6 24. Nc5 Bxc5 25. bxc5 Rc7 26. Rb2 Nh5 27. Bh2 Bd7
28. Nxd7 Rcxd7 29. Bd6 Nf6 30. Rab1 Ne8 31. Be5 Nf6 32. Rxb7 Kf7 33. R7b6 1-0

[Event "36. Schacholympiade 2004"]
[Site "Calvia, Mallorca (Spanien)"]
[Date "2004.10.24"]
[Round "9"]
[White "Macieja, Bartlomiej"]
[Black "Korchnoi, Viktor"]
[Result "1-0"]
[WhiteElo "2613"]
[BlackElo "2601"]
[PlyCount "131"]
[EventDate "2004.10.15"]

1. e4 e5 2. Nf3 Nc6 3. d4 exd4 4. Nxd4 Nf6 5. Nxc6 bxc6 6. e5 Qe7 7. Qe2 Nd5 8.
c4 Nb6 9. Nc3 Qe6 10. Qe4 Ba6 11. b3 Bb4 12. Bd2 Bxc3 13. Bxc3 d5 14. Qh4 dxc4
15. Rc1 O-O 16. Be2 Nd7 17. O-O Nxe5 18. Rfe1 f6 19. Bxe5 fxe5 20. Bxc4 Bxc4
21. Qxc4 Qxc4 22. Rxc4 Rad8 23. Rc2 Rd5 24. f3 Rf6 25. Rce2 Rf5 26. Rc1 Rf6 27.
Rce1 Rf5 28. Kf2 h5 29. Rc1 Rf6 30. Ke3 Ra5 31. Rc4 Kf7 32. Rec2 Ke7 33. Rc5
Rxc5 34. Rxc5 Kd6 35. Ra5 g5 36. Rxa7 g4 37. fxg4 hxg4 38. Ra4 Rh6 39. Rxg4
Rxh2 40. Ke4 Rh1 41. Rg6+ Kc5 42. Kxe5 Ra1 43. a4 Ra3 44. Rg3 Kb4 45. Rf3 c5
46. Kd5 Ra2 47. g3 Rc2 48. Re3 Rc1 49. g4 c6+ 50. Ke5 Rg1 51. Kf4 c4 52. bxc4
Kxc4 53. g5 c5 54. Rg3 Rf1+ 55. Ke5 Re1+ 56. Kf6 Rf1+ 57. Ke7 Re1+ 58. Kf6 Rf1+
59. Ke7 Re1+ 60. Kd7 Rd1+ 61. Kc7 Rh1 62. g6 Rh8 63. g7 Rg8 64. Kd6 Kb4 65.
Rg4+ c4 66. Ke6 1-0

[Event "36. Schacholympiade 2004"]
[Site "Calvia, Mallorca (Spanien)"]
[Date "2004.10.24"]
[Round "9"]
[White "Socko, Bartosz"]
[Black "Gallagher, Joseph G"]
[Result "0-1"]
[WhiteElo "2570"]
[BlackElo "2543"]
[PlyCount "64"]
[EventDate "2004.10.15"]

1. d4 Nf6 2. c4 g6 3. Nc3 Bg7 4. e4 d6 5. Bd3 O-O 6. Nge2 Nc6 7. O-O e5 8. d5
Nd4 9. Bg5 h6 10. Bh4 c5 11. f3 Bd7 12. Nxd4 cxd4 13. Ne2 a5 14. b3 Qb8 15. Qd2
Nh7 16. g4 b5 17. Rac1 bxc4 18. Rxc4 Rc8 19. Rxc8+ Bxc8 20. h3 Nf8 21. f4 Nd7
22. Bg3 Nc5 23. fxe5 Bxe5 24. Bxe5 dxe5 25. Bc4 Nxe4 26. Qxh6 Ba6 27. Qh4 Bxc4
28. bxc4 d3 29. Nc1 Qb6+ 30. Kg2 Qb2+ 31. Kh1 d2 32. Nb3 d1=Q 0-1

[Event "36. Schacholympiade 2004"]
[Site "Calvia, Mallorca (Spanien)"]
[Date "2004.10.24"]
[Round "9"]
[White "Jenni, Florian"]
[Black "Cyborowski, Lukasz"]
[Result "1-0"]
[WhiteElo "2503"]
[BlackElo "2564"]
[PlyCount "61"]
[EventDate "2004.10.15"]

1. d4 Nf6 2. Nf3 c5 3. c3 cxd4 4. cxd4 d5 5. Nc3 Nc6 6. Bf4 Bf5 7. e3 e6 8. Qb3
Bb4 9. Bb5 O-O 10. O-O Bxc3 11. Qxc3 Rc8 12. Rfc1 Ne4 13. Qb3 g5 14. Bg3 h5 15.
Bxc6 bxc6 16. h4 Nxg3 17. fxg3 gxh4 18. gxh4 Qd6 19. Rf1 f6 20. Qd1 Rf7 21. Nh2
Rg7 22. Rf4 Be4 23. Qxh5 Bxg2 24. Ng4 Bh3 25. Kh1 Bxg4 26. Rxg4 Rcc7 27. Qe8+
Kh7 28. Rag1 Rcf7 {#} 29. Rg6 e5 30. R1g5 fxg5 31. Rxd6 1-0

[Event "36. Schacholympiade 2004"]
[Site "Calvia, Mallorca (Spanien)"]
[Date "2004.10.24"]
[Round "9"]
[White "Delchev, Aleksander"]
[Black "Dautov, Rustem"]
[Result "1-0"]
[WhiteElo "2601"]
[BlackElo "2623"]
[PlyCount "91"]
[EventDate "2004.10.15"]

1. e4 c6 2. d4 d5 3. e5 Bf5 4. Nc3 a6 5. Be3 e6 6. g4 Bg6 7. Nge2 c5 8. dxc5
Nd7 9. Nd4 Bxc5 10. Bg2 h5 11. Qe2 hxg4 12. O-O-O Ne7 13. h3 gxh3 14. Bxh3 Bxd4
15. Bxd4 Rh7 16. Bg4 Nf5 17. Rxh7 Bxh7 18. f4 Nxd4 19. Rxd4 Qb6 20. Rd1 Rc8 21.
Rh1 Nf8 22. f5 Bxf5 23. Bxf5 exf5 24. Nxd5 Qe6 25. Qd2 Ng6 26. Kb1 Qc6 27. b3
b5 28. Rd1 Kf8 29. Ne3 Qe6 30. Qd6+ Kg8 31. Nd5 f4 32. Rf1 Qxd6 33. exd6 Rd8
34. Rd1 Kf8 35. Nb4 Ne5 36. Nxa6 g5 37. Nc5 g4 38. Nb7 Rd7 39. Nc5 Rd8 40. Nb7
Rd7 41. Nc5 {#} f3 42. Nxd7+ Nxd7 43. Kc1 f2 44. Kd2 g3 45. Ke2 f5 46. Rd5 1-0

[Event "36. Schacholympiade 2004"]
[Site "Calvia, Mallorca (Spanien)"]
[Date "2004.10.24"]
[Round "9"]
[White "Lutz, Christopher"]
[Black "Spasov, Vasil"]
[Result "1/2-1/2"]
[WhiteElo "2596"]
[BlackElo "2534"]
[PlyCount "71"]
[EventDate "2004.10.15"]

1. e4 c5 2. Nf3 Nc6 3. d4 cxd4 4. Nxd4 Nf6 5. Nc3 e5 6. Ndb5 d6 7. Bg5 a6 8.
Na3 b5 9. Bxf6 gxf6 10. Nd5 f5 11. Bd3 Be6 12. O-O Bxd5 13. exd5 Ne7 14. Re1
Bg7 15. c3 e4 16. Bf1 O-O 17. Qh5 Qc8 18. Rad1 Re8 19. Nc2 Ng6 20. Nd4 Bxd4 21.
Rxd4 Re5 22. Qh6 Qe8 23. h4 Qf8 24. Qxf8+ Kxf8 25. g3 Ne7 26. Red1 Rc8 27. a4
Rc5 28. axb5 axb5 29. c4 bxc4 30. Bxc4 Nc8 31. Ra1 Nb6 32. b3 Nxd5 33. Ra7 h5
34. Rb7 e3 35. fxe3 Nxe3 36. Rxd6 1/2-1/2

[Event "36. Schacholympiade 2004"]
[Site "Calvia, Mallorca (Spanien)"]
[Date "2004.10.24"]
[Round "9"]
[White "Chatalbashev, Boris"]
[Black "Gustafsson, Jan"]
[Result "1/2-1/2"]
[WhiteElo "2554"]
[BlackElo "2603"]
[PlyCount "54"]
[EventDate "2004.10.15"]

1. d4 Nf6 2. c4 e6 3. Nf3 d5 4. Nc3 dxc4 5. e4 Bb4 6. Bg5 c5 7. Bxc4 cxd4 8.
Nxd4 Bxc3+ 9. bxc3 Qa5 10. Bb5+ Bd7 11. Bxf6 gxf6 12. Bxd7+ Nxd7 13. O-O a6 14.
Rb1 Qc7 15. f4 h5 16. Qf3 Rc8 17. e5 b6 18. exf6 Qxc3 19. Qe4 Nxf6 20. Qe5 Rh6
21. f5 Ng4 22. Qg7 Qe3+ 23. Kh1 {#} Rc1 24. h3 Nf2+ 25. Kg1 Ng4+ 26. Kh1 Nf2+
27. Kg1 Ng4+ 1/2-1/2

[Event "36. Schacholympiade 2004"]
[Site "Calvia, Mallorca (Spanien)"]
[Date "2004.10.24"]
[Round "9"]
[White "Vega Gutierrez, Sabrina"]
[Black "Kachiani-G, Ketino"]
[Result "1-0"]
[WhiteElo "2225"]
[BlackElo "2441"]
[PlyCount "133"]
[EventDate "2004.10.15"]

1. e4 c6 2. d4 d5 3. Nc3 dxe4 4. Nxe4 Bf5 5. Ng3 Bg6 6. h4 h6 7. Nf3 e6 8. Ne5
Bh7 9. Bd3 Bxd3 10. Qxd3 Nd7 11. f4 c5 12. Bd2 Nxe5 13. dxe5 Qxd3 14. cxd3 Ne7
15. Ne4 Nd5 16. h5 Be7 17. Rc1 b6 18. Ke2 f5 19. exf6 gxf6 20. f5 exf5 21. Ng3
f4 22. Nf5 Kd7 23. Kf3 Rag8 24. Rce1 Bd6 25. Nxd6 Kxd6 26. Rh3 Rg5 27. Re4 Rhg8
28. Bxf4+ Nxf4 29. Rxf4 Rxg2 30. Rxf6+ Kd5 31. Rxh6 Rxb2 32. Rg6 Rf8+ 33. Ke3
Rff2 34. Rg5+ Kc6 35. Rg6+ Kb5 36. Ke4 Rxa2 37. h6 Rae2+ 38. Kd5 Rf5+ 39. Kd6
Rf8 40. h7 Rd8+ 41. Kc7 Rh8 42. Kd6 Ree8 43. Rg7 a5 44. Rhg3 Rd8+ 45. Ke5 Rd4
46. Rh3 Re8+ 47. Kf5 Rd5+ 48. Kf6 Rd6+ 49. Kf7 Rh8 50. Rg8 Rxh7+ 51. Rxh7 Rxd3
52. Rh6 Rd7+ 53. Ke6 Rc7 54. Kd5 Rd7+ 55. Ke4 Rd4+ 56. Ke3 Rb4 57. Rgg6 Ka6 58.
Kd3 a4 59. Kc2 Ka5 60. Rg8 Rf4 61. Ra8+ Kb5 62. Rb8 Rf2+ 63. Kd1 a3 64. Rbxb6+
Kc4 65. Rh4+ Kd5 66. Ra6 a2 67. Rha4 1-0

[Event "36. Schacholympiade 2004"]
[Site "Calvia, Mallorca (Spanien)"]
[Date "2004.10.24"]
[Round "9"]
[White "Paehtz, Elisabeth"]
[Black "Trujillo Delgado, Dafnae"]
[Result "1-0"]
[WhiteElo "2398"]
[BlackElo "2155"]
[PlyCount "71"]
[EventDate "2004.10.15"]

1. e4 c5 2. Nf3 d6 3. d4 cxd4 4. Qxd4 Nc6 5. Bb5 Bd7 6. Bxc6 Bxc6 7. Nc3 Nf6 8.
Bg5 e6 9. O-O-O Be7 10. Kb1 Qa5 11. Rhe1 O-O 12. Qd2 Qb6 13. Nd4 Rac8 14. f3 a6
15. g4 Qc7 16. h4 b5 17. Nce2 Bb7 18. Ng3 Rfe8 19. Rg1 d5 20. e5 Nd7 21. Bxe7
Rxe7 22. f4 Nc5 23. h5 Ne4 24. Qh2 Rd7 25. Nge2 b4 26. g5 Re7 27. g6 fxg6 28.
hxg6 h6 29. Ng3 Rf8 30. Nh5 Bc8 31. Rh1 Ree8 32. Rd3 Qa7 33. Nxg7 Qxg7 34. Rh3
Nf2 35. Qxf2 Qxe5 36. Rxh6 1-0

[Event "36. Schacholympiade 2004"]
[Site "Calvia, Mallorca (Spanien)"]
[Date "2004.10.24"]
[Round "9"]
[White "Gutierrez Castillo, Paloma"]
[Black "Mietzner, Tina"]
[Result "0-1"]
[WhiteElo "2119"]
[BlackElo "2235"]
[PlyCount "46"]
[EventDate "2004.10.15"]

1. e4 c5 2. Nf3 d6 3. d4 Nf6 4. Nc3 cxd4 5. Nxd4 a6 6. Be2 e6 7. f4 Be7 8. Bf3
Qc7 9. O-O O-O 10. Be3 Nc6 11. Qe1 Bd7 12. Qg3 b5 13. Rae1 Rac8 14. Nxc6 Bxc6
15. Bd4 Qb7 16. e5 dxe5 17. Bxe5 g6 18. f5 Bxf3 19. Rxf3 Nh5 20. Qg4 exf5 21.
Rxf5 Qd7 22. Ref1 Rc4 23. Bf4 Qxf5 0-1

[Event "36. Schacholympiade 2004"]
[Site "Calvia, Mallorca (Spanien)"]
[Date "2004.10.24"]
[Round "9"]
[White "Reizniece, Dana"]
[Black "Lematschko, Tatjana"]
[Result "1-0"]
[WhiteElo "2278"]
[BlackElo "2267"]
[PlyCount "101"]
[EventDate "2004.10.15"]

1. c4 c5 2. Nf3 Nc6 3. d4 cxd4 4. Nxd4 e6 5. g3 d5 6. Bg2 Qb6 7. Nb5 a6 8. cxd5
axb5 9. dxc6 bxc6 10. Be3 Qa6 11. Qc2 Bd7 12. Nc3 Nf6 13. Ne4 Nd5 14. Bc5 Qa5+
15. Kf1 Bxc5 16. Nxc5 Qb6 17. Be4 Ke7 18. Kg2 g6 19. Rhd1 Rhd8 20. a3 Be8 21.
Rac1 Nf6 22. Rd2 Nd5 23. Bf3 b4 24. Bxd5 cxd5 25. axb4 Qxb4 26. Nd3 Qd6 27. b4
Rab8 28. Qb2 f6 29. Rdc2 Bb5 30. Rc7+ Rd7 31. Rxd7+ Qxd7 32. Nc5 Qd6 33. Ra1
Qb6 34. Qd2 g5 35. Qc2 Rh8 36. Ra5 Kf7 37. Qa2 Re8 38. Ra7+ Kf8 39. Rb7 Bc4 40.
Qa4 Bb5 41. Qxb5 Qxb5 42. Rxb5 Re7 43. Rb7 Kf7 44. Rxe7+ Kxe7 45. b5 Kd6 46. b6
e5 47. b7 Kc7 48. Nd7 Kxb7 49. Nxf6 h6 50. Nxd5 Kc6 51. Ne7+ 1-0

[Event "36. Schacholympiade 2004"]
[Site "Calvia, Mallorca (Spanien)"]
[Date "2004.10.24"]
[Round "9"]
[White "Heinatz, Gundula"]
[Black "Rogule, Laura"]
[Result "0-1"]
[WhiteElo "2244"]
[BlackElo "2295"]
[PlyCount "108"]
[EventDate "2004.10.15"]

1. Nf3 c5 2. c4 Nc6 3. g3 g6 4. Bg2 Bg7 5. O-O e5 6. d3 Nge7 7. Nc3 d6 8. Rb1
O-O 9. a3 f5 10. e3 h6 11. Ne1 Be6 12. Nd5 Rb8 13. b4 cxb4 14. axb4 b5 15. Bd2
bxc4 16. dxc4 e4 17. b5 Ne5 18. Bc3 Nxd5 19. cxd5 Bd7 20. Bxe5 Bxe5 21. f3 Bxb5
22. Rf2 exf3 23. Nxf3 Qf6 24. Ra2 a6 25. Bf1 Bc3 26. Ra3 Rfe8 27. Kf2 Bxf1 28.
Qxf1 a5 29. Rbb3 Bb4 30. Qb1 Rbc8 31. Ra2 Rc3 32. Re2 Bc5 33. Kg2 Bb4 34. Nd4
Qe5 35. Rxb4 axb4 36. Qxb4 Qxd5+ 37. Kf2 Rc4 38. Qb5 Qxb5 39. Nxb5 Rd8 40. Ra2
Rc5 41. Nd4 Kf7 42. Ra7+ Kf6 43. Rh7 h5 44. Kf3 Rc3 45. Nb5 Rb3 46. Nd4 Rd3 47.
Nc6 Re8 48. Rd7 Rexe3+ 49. Kf2 Re6 50. h4 Rd2+ 51. Kf1 Re8 52. Nb4 Rb8 53. Ke1
Ke6 54. Rg7 Rh2 0-1

[Event "36. Schacholympiade 2004"]
[Site "Calvia, Mallorca (Spanien)"]
[Date "2004.10.24"]
[Round "9"]
[White "Berzina, Ilze"]
[Black "Seps, Monika"]
[Result "1-0"]
[WhiteElo "2240"]
[BlackElo "2077"]
[PlyCount "57"]
[EventDate "2004.10.15"]

1. e4 c5 2. Nf3 d6 3. Bb5+ Nd7 4. c3 Ngf6 5. Qe2 a6 6. Ba4 c4 7. O-O e5 8. Bc2
Qc7 9. b3 cxb3 10. axb3 Be7 11. d4 O-O 12. c4 Re8 13. Bb2 Nh5 14. Nc3 Nf4 15.
Qd2 Bf6 16. Rfe1 Nf8 17. Nd5 Nxd5 18. exd5 Bg4 19. dxe5 dxe5 20. d6 Qc5 21. Ng5
Rad8 22. Ne4 Qc8 23. Nxf6+ gxf6 24. Re3 Ng6 25. Be4 Bd7 26. Rc1 Nf4 27. c5 Bc6
28. Rg3+ Kh8 29. Qxf4 1-0

[Event "36. Schacholympiade 2004"]
[Site "Calvia, Mallorca (Spanien)"]
[Date "2004.10.25"]
[Round "10"]
[White "Huzman, Alexander"]
[Black "Gallagher, Joseph G"]
[Result "1/2-1/2"]
[WhiteElo "2581"]
[BlackElo "2543"]
[PlyCount "50"]
[EventDate "2004.10.15"]

1. d4 Nf6 2. c4 g6 3. Nf3 Bg7 4. g3 O-O 5. Bg2 d6 6. O-O Nbd7 7. Nc3 e5 8. e4
a6 9. h3 exd4 10. Nxd4 Re8 11. Be3 Rb8 12. b3 Qe7 13. a4 c5 14. Nde2 b6 15. Ra2
Bb7 16. f3 Ne5 17. Rd2 Rbd8 18. Qc1 h6 19. Rfd1 Kh7 20. g4 Qc7 21. Bf2 Qe7 22.
Ng3 Nc6 23. f4 Qc7 24. Kh1 Qb8 25. Bg1 Kg8 1/2-1/2

[Event "36. Schacholympiade 2004"]
[Site "Calvia, Mallorca (Spanien)"]
[Date "2004.10.25"]
[Round "10"]
[White "Damljanovic, Branko"]
[Black "Dautov, Rustem"]
[Result "1-0"]
[WhiteElo "2578"]
[BlackElo "2623"]
[PlyCount "75"]
[EventDate "2004.10.15"]

1. d4 d5 2. c4 c6 3. Nf3 Nf6 4. Nc3 a6 5. c5 Nbd7 6. Bf4 Nh5 7. Bd2 Nhf6 8. Qc2
g6 9. e4 dxe4 10. Ng5 h6 11. Ngxe4 Bg7 12. Bc4 Nxe4 13. Nxe4 b5 14. Bb3 Nf6 15.
Nxf6+ Bxf6 16. Qe4 Bb7 17. Be3 Qa5+ 18. Ke2 Qb4 19. Rhd1 Rd8 20. Rd3 Kf8 21.
Rad1 Qa5 22. Bf4 Rd7 23. Be5 Qd8 24. d5 cxd5 25. Bxd5 Bxd5 26. Rxd5 Rxd5 27.
Rxd5 Qc8 28. c6 Kg7 29. Rd7 Re8 30. Qd5 Bxe5 31. Qxe5+ Kg8 32. Qd5 e6 33. Qd6
e5 34. c7 Kg7 35. Qd5 Rf8 36. Kf1 e4 37. Qe5+ Kg8 38. Qe7 1-0

[Event "36. Schacholympiade 2004"]
[Site "Calvia, Mallorca (Spanien)"]
[Date "2004.10.25"]
[Round "10"]
[White "Lutz, Christopher"]
[Black "Perunovic, Milos"]
[Result "1/2-1/2"]
[WhiteElo "2596"]
[BlackElo "2575"]
[PlyCount "85"]
[EventDate "2004.10.15"]

1. e4 c5 2. Nf3 Nc6 3. d4 cxd4 4. Nxd4 Qc7 5. Nc3 e6 6. Be3 a6 7. Qd2 Nf6 8.
O-O-O Bb4 9. f3 Ne5 10. Nb3 b5 11. Kb1 Be7 12. Qf2 d6 13. Bb6 Qb8 14. Bd4 Bb7
15. Rg1 Qc7 16. g4 b4 17. Na4 O-O 18. g5 Nfd7 19. Nb6 Rad8 20. Nxd7 Nxd7 21. h4
d5 22. exd5 Bxd5 23. Bd3 a5 24. h5 e5 25. Be3 a4 26. Nc1 Nc5 27. Bf5 b3 28.
cxb3 axb3 29. axb3 Qc6 30. Qc2 Ra8 31. Rxd5 Qxd5 32. Rd1 Qxf3 33. Bxc5 Bxc5 34.
Bxh7+ Kh8 35. Be4 Qg4 36. Bxa8 Rxa8 37. g6 Bd4 38. gxf7 Qf3 39. h6 Qxf7 40.
hxg7+ Kxg7 41. Rd2 Ra6 42. Rg2+ Rg6 43. Rxg6+ 1/2-1/2

[Event "36. Schacholympiade 2004"]
[Site "Calvia, Mallorca (Spanien)"]
[Date "2004.10.25"]
[Round "10"]
[White "Kritz, Leonid"]
[Black "Markus, Robert"]
[Result "0-1"]
[WhiteElo "2543"]
[BlackElo "2555"]
[PlyCount "92"]
[EventDate "2004.10.15"]

1. e4 c5 2. Nf3 e6 3. d4 cxd4 4. Nxd4 a6 5. Bd3 Bc5 6. Nb3 Ba7 7. Qe2 Nc6 8.
Be3 d6 9. N1d2 Nf6 10. O-O-O e5 11. f3 b5 12. g4 Be6 13. h4 Bxe3 14. Qxe3 Rb8
15. h5 a5 16. g5 Nd7 17. Kb1 Qb6 18. Qxb6 Rxb6 19. h6 g6 20. f4 exf4 21. Rh4 f6
22. Rg1 fxg5 23. Rxg5 Nde5 24. Rxf4 {(=)} Bxb3 25. axb3 Rf8 26. Rxf8+ Kxf8 27.
Nf1 Nd8 28. Rg1 Ndf7 29. Rh1 Ng4 30. Kc1 Nfxh6 31. Kd2 Kg7 32. Ng3 Nf7 33. Ra1
a4 34. bxa4 bxa4 35. Kc3 Nf2 36. Be2 h5 37. Rg1 Kf8 38. Rf1 Nh3 39. Bxh5 gxh5
40. Nxh5 Nhg5 41. Nf6 Rc6+ 42. Kd2 Ke7 43. Nd5+ Ke6 44. Nc3 Rc4 45. Rf4 Ne5 46.
b3 Ngf3+ 0-1

[Event "36. Schacholympiade 2004"]
[Site "Calvia, Mallorca (Spanien)"]
[Date "2004.10.25"]
[Round "10"]
[White "Kachiani-G, Ketino"]
[Black "Borsuk, Angela"]
[Result "1/2-1/2"]
[WhiteElo "2441"]
[BlackElo "2306"]
[PlyCount "33"]
[EventDate "2004.10.15"]

1. d4 d6 2. g3 Nf6 3. Bg2 c6 4. c4 e5 5. Nc3 Be7 6. d5 O-O 7. Nf3 Na6 8. O-O
Bd7 9. Ne1 cxd5 10. cxd5 Qc8 11. Nd3 Bh3 12. e4 Bxg2 13. Kxg2 Qc4 14. f3 b5 15.
a3 Nd7 16. Be3 Ndc5 17. Nxc5 1/2-1/2

[Event "36. Schacholympiade 2004"]
[Site "Calvia, Mallorca (Spanien)"]
[Date "2004.10.25"]
[Round "10"]
[White "Botvinnik, Irina"]
[Black "Paehtz, Elisabeth"]
[Result "0-1"]
[WhiteElo "2239"]
[BlackElo "2398"]
[PlyCount "68"]
[EventDate "2004.10.15"]

1. c4 b6 2. Nf3 Bb7 3. g3 Bxf3 4. exf3 e6 5. d4 d5 6. cxd5 exd5 7. Bg2 Bb4+ 8.
Nc3 Qe7+ 9. Be3 Nf6 10. O-O O-O 11. a3 Bxc3 12. bxc3 Nc6 13. Re1 Na5 14. Bf1
Rfe8 15. Bd3 Qd7 16. a4 h6 17. Kg2 Nc4 18. Qc2 Re7 19. Bf4 Rae8 20. Rxe7 Rxe7
21. g4 Qc6 22. Rb1 Na3 23. Qb3 Nxb1 24. Bxb1 Nh7 25. Bc1 Re8 26. h4 Nf8 27. h5
Qe6 28. a5 bxa5 29. Bf5 Qe1 30. Be3 Qe2 31. Bf4 c6 32. Be5 Qb5 33. Qc2 f6 34.
Bd6 Re1 0-1